Famous People Who Died From Pneumonia (Pre-2000) - Statistics

General Stats
  • This quiz has been taken 221 times
    88 since last reset
  • The average score is 8 of 15
Answer Stats
Death Hint Person % Correct
1991 Singer who died from AIDS-related pneumonia Freddie Mercury
90%
1910 War and Peace, Anna Karenina Leo Tolstoy
84%
1987 Dancing actor who partnered with Ginger Rogers Fred Astaire
74%
1650 Philosopher of "I think, therefore I am" René Descartes
68%
1990 The Muppets, Fraggle Rock, The Dark Crystal, Labyrinth Jim Henson
66%
1913 Abolitionist of the Underground Railroad Harriet Tubman
63%
1841 Ninth US president, who died just 31 days into his presidency William Henry Harrison
62%
1996 Scientist who narrated Cosmos and wrote Contact Carl Sagan
56%
1886 Hungarian composer and virtuoso pianist of the Romantic Period Franz Liszt
53%
1909 Apache leader and medicine man {Geronimo}
51%
1899 Austrian "Waltz King" of "The Blue Danube" Johann Strauss
48%
1863 General in the Confederate Army during the American Civil War Stonewall Jackson
37%
1903 Frontierswoman, sharpshooter, acquaintance of Wild Bill Hickok Calamity Jane
32%
1959 Founder of hardboiled detective fiction, author of The Big Sleep Raymond Chandler
29%
1911 Austro-Bohemian Romantic composer and conductor Gustav Mahler
8%
No matching quizzes found
Score Distribution
Percent of People with Each Score
Percentile by Number Answered
Your Score History
You have not taken this quiz since the last reset